| 000 | 00833cam a22002775a 4500 | ||
|---|---|---|---|
| 001 | 11814411 | ||
| 005 | 20150709134610.0 | ||
| 008 | 991019s2000 enkko frb 001 0 eng d | ||
| 020 | _a0748408177 (pbk.) | ||
| 020 | _a9780748408177 | ||
| 040 |
_aDLC _beng _cDLC _dDLC _dEG-ScBUE |
||
| 082 | 0 | 4 |
_a616.96 _bCHE _222 |
| 100 | 1 |
_aChernin, Jack. _938226 |
|
| 245 | 1 | 0 |
_aParasitology / _cJack Chernin. |
| 260 |
_aOxon ; _aNew York : _bTaylor & Francis, _c2000. |
||
| 300 |
_aviii, 139 p. : _bforms, photographs ; _c26 cm. |
||
| 490 | 0 | _aLifelines | |
| 500 | _aIndex : p. 133-139. | ||
| 504 | _aIncludes bibliographical references. | ||
| 650 | 7 |
_aMedical parasitology. _2BUEsh _936711 |
|
| 650 | 0 |
_aParasitology. _2BUEsh |
|
| 651 | _2BUEsh | ||
| 653 |
_bPPhrm _cJuly2015 |
||
| 655 |
_vreading book _934232 |
||
| 942 |
_2ddc _k616.96 CHE |
||
| 999 |
_c20272 _d20244 |
||